000 00343nam a22001337a 4500
999 _c130471
_d130471
008 200519b ||||| |||| 00| 0 eng d
050 _aSPC. HS3.D4
100 _aJohn R. Stacer
_949788
245 _aJohn Dewey
_cJohn R. Stacer
300 _a23p. ;
_c31cm.
500 _aClass notes
600 _aDewey, John
_910648
942 _2lcc
_cMONOGRAPH